| 000 | 00323 a2200085 4500 | ||
|---|---|---|---|
| 020 | _a9788179933022 | ||
| 100 | _aShekhar Chandra Dutta and P. Mukhopadhyay | ||
| 245 | _aImproving Earthquakes and Cyclone Resistance of Structures: Guidelines for the Indian Subcontinent | ||
| 260 |
_bThe Energy and Resources Institute, TERI _c2012 |
||
| 999 |
_c13356 _d13356 |
||